An Overview of High-energy Ball Milled Nanocrystalline Aluminum Alloys

This book presents a comprehensive overview of the nanocrystalline Al based alloys as prepared using high-energy ball milling (HEBM). It discusses the influence of HEBM parameters on grain refinement and examines methods for the consolidation of nanocrystalline Al powders; further, it reviews the ef...

Full description

Bibliographic Details
Main Authors: Gupta, Rajeev Kumar (Author), Murty, B. S. (Author), Birbilis, Nick (Author)
Corporate Author: SpringerLink (Online service)
Format: Electronic eBook
Language:English
Published: Cham : Springer International Publishing : Imprint: Springer, 2017.
Series:SpringerBriefs in Materials,
Subjects:
Online Access:Full Text via HEAL-Link
LEADER 03419nam a22005775i 4500
001 978-3-319-57031-0
003 DE-He213
005 20170823182524.0
007 cr nn 008mamaa
008 170823s2017 gw | s |||| 0|eng d
020 |a 9783319570310  |9 978-3-319-57031-0 
024 7 |a 10.1007/978-3-319-57031-0  |2 doi 
040 |d GrThAP 
050 4 |a TA459-492 
072 7 |a TDM  |2 bicssc 
072 7 |a TEC021000  |2 bisacsh 
072 7 |a TEC023000  |2 bisacsh 
082 0 4 |a 620.16  |2 23 
100 1 |a Gupta, Rajeev Kumar.  |e author. 
245 1 3 |a An Overview of High-energy Ball Milled Nanocrystalline Aluminum Alloys  |h [electronic resource] /  |c by Rajeev Kumar Gupta, B. S. Murty, Nick Birbilis. 
264 1 |a Cham :  |b Springer International Publishing :  |b Imprint: Springer,  |c 2017. 
300 |a VII, 99 p. 33 illus., 15 illus. in color.  |b online resource. 
336 |a text  |b txt  |2 rdacontent 
337 |a computer  |b c  |2 rdamedia 
338 |a online resource  |b cr  |2 rdacarrier 
347 |a text file  |b PDF  |2 rda 
490 1 |a SpringerBriefs in Materials,  |x 2192-1091 
505 0 |a 1.Introduction -- 2.High-energy Ball milling parameters in production of nanocrystalline Al alloys -- 3.Consolidation of high-energy ball milled nanocrystalline Al alloy powders -- 4.Mechanical properties of high-energy ball milled nanocrystalline Al alloys -- 5.Thermal stability of high-energy ball milled Al alloys -- 6.Corrosion properties of high-energy ball milled nanocrystalline Al alloys -- 7.Future work and possible applications of nanocrystalline Al alloys as produced by high-energy ball milling. 
520 |a This book presents a comprehensive overview of the nanocrystalline Al based alloys as prepared using high-energy ball milling (HEBM). It discusses the influence of HEBM parameters on grain refinement and examines methods for the consolidation of nanocrystalline Al powders; further, it reviews the effects of various processing parameters on the final microstructure and the impact of microstructure on corrosion and mechanical properties. The book also provides guidelines for choosing appropriate HEBM parameters for the production of nanocrystalline Al powders and methods for consolidating them in net-shaped components. Future challenges and possible applications of high-energy ball milled Al alloys are also discussed. The book is intended for researchers and professionals interested in aluminium alloy development, manufacturing technologies, light metals and nanocrystalline metallic materials. 
650 0 |a Materials science. 
650 0 |a Renewable energy resources. 
650 0 |a Nanoscale science. 
650 0 |a Nanoscience. 
650 0 |a Nanostructures. 
650 0 |a Renewable energy sources. 
650 0 |a Alternate energy sources. 
650 0 |a Green energy industries. 
650 0 |a Metals. 
650 1 4 |a Materials Science. 
650 2 4 |a Metallic Materials. 
650 2 4 |a Renewable and Green Energy. 
650 2 4 |a Nanoscale Science and Technology. 
700 1 |a Murty, B. S.  |e author. 
700 1 |a Birbilis, Nick.  |e author. 
710 2 |a SpringerLink (Online service) 
773 0 |t Springer eBooks 
776 0 8 |i Printed edition:  |z 9783319570297 
830 0 |a SpringerBriefs in Materials,  |x 2192-1091 
856 4 0 |u http://dx.doi.org/10.1007/978-3-319-57031-0  |z Full Text via HEAL-Link 
912 |a ZDB-2-CMS 
950 |a Chemistry and Materials Science (Springer-11644)